Statistics for All Teams to Ever Play an Ice Hockey World Championship

Click here to take the quiz!

General Stats

  • This quiz has been taken 317 times
    (125 since last reset)
  • The average score is 30 of 34

Answer Stats

# of Participations Country % Correct
78Sweden
100%
73Canada
100%
71United States
99%
66Finland
99%
28Russia
97%
40Germany
96%
24Slovakia
96%
52Switzerland
95%
35Norway
95%
32France
95%
30Italy
95%
27Czech Republic
94%
18Denmark
94%
10Japan
91%
19Belarus
91%
52*Czechoslovakia
91%
28Latvia
91%
32Austria
91%
34*Soviet Union
91%
29Poland
90%
9Ukraine
88%
4Netherlands
85%
12Hungary
85%
1South Korea
84%
12Belgium
84%
9Slovenia
84%
8Kazakhstan
83%
8Romania
78%
1Lithuania
75%
1*Yugoslavia
72%
14*East Germany
71%
22*West Germany
70%
16Great Britain
63%
1Australia
58%

Score Distribution

Percentile by Number Answered

Percent of People with Each Score

Your Score History

You have not taken this quiz since the last reset